000 00582nam a22002057a 4500
003 OSt
005 20160922145851.0
008 160922b xxu||||| |||| 00| 0 eng d
020 _a0323000991
040 _cDMLN
082 _aWY100 P851b 1999
100 _aPotter, Patricia A.; Griffin, Anne Perry
_911104
245 _aBasic Nursing: a critical thinking approach
250 _a4th ed.
260 _aLondon; Mosby, 1999
300 _axxix,1261p; col.ill: 28cm
504 _aAppendices, glossary, & index included
650 _aNursing proceedures
_97359
942 _2z
_cO_SHELF
999 _c5276
_d5276